• 首页
  • 本馆介绍
  • 公告通知
  • 最新文献
  • 馆藏检索
  • 电子资源
  • 读者导购
  • 参考咨询
  • 我的图书馆
  • 登录
  • 详细信息显示
  • 放入我的书架
  • 预约/预借图书
  • 作者相关作品
  • 分类相关作品
  • 丛书相关作品
  • 出版社相关作品

书目信息

  • 表格格式
  • 工作单格式
  • 卡片格式
题名:
日语中的礼貌用语
    
 
作者: 石黑修 著 ;董黎民 , 胡效愚 注释
分册:  
出版信息: 上海   上海译文出版社  1986
页数: 235页
开本: 19cm
丛书名: 日语课外读物丛书
单 册:
中图分类: H36
科图分类:
主题词: 礼貌-日语--课外读物 , 日语-礼貌--课外读物 , 日语
电子资源:
ISBN:
000 00894nam2 2200313 45
001 0186016181
005 20040510150204.7
010    @dCNY1.00
091    @a9188.260
100    @a19930610d1986 em y0chiy0121 ea
101 2  @achi@ajpn
102    @aCN@b310000
105    @ay z 000yy
106    @ar
200 10 @a日语中的礼貌用语@Ari yu zhong de li mao yong yu@f(日)石黑修著@F(Ri)Shi Hei Xiu Zhu@g董黎民,胡效愚注释
210    @a上海@c上海译文出版社@d1986
215    @a235页@d19cm
225 2  @a日语课外读物丛书
410  0 @120010@a日语课外读物丛书
606    @a礼貌-日语@x课外读物
606    @a日语-礼貌@x课外读物
606 0  @a日语
690    @aH36
701  0 @a石黑修@Ashi hei xiu@4著
702  0 @a董黎民@Adong li min@4注释
702  0 @a胡效愚@Ahu xiao yu@4注释
801  0 @aCN@b深圳图书馆@c20040510
801  2 @aCN@bNLC@c20040510
905    @f4@b152621-624@dH36@e115
    
    日语中的礼貌用语/(日)石黑修著/董黎民,胡效愚注释.-上海:上海译文出版社,1986
    235页;19cm.-(日语课外读物丛书)
    
    
    ISBN :CNY1.00
    
●
相关链接 在E读中查询图书 在五车中查询图书 在当当中查询图书 在豆瓣中查询图书


正题名:日语中的礼貌用语     索取号:H36/115         预约/预借

序号 登录号 条形码 馆藏地/架位号 状态 备注
1 0152621   001056662   第四借阅区/ [索取号:H36/115] 在馆    
2 0152622   001056671   第四借阅区/ [索取号:H36/115] 在馆    
3 0152623   001056644   第四借阅区/ [索取号:H36/115] 在馆    
4 0152624   001056680   第四借阅区/ [索取号:H36/115] 在馆    
5 0152625   001056653   第二样本阅览室/ [索取号:H36/115] 在馆    
唐山师范学院图书馆 欢迎您!
大连网信软件有限公司© 版权所有